[Event "JUG-ch sf"]
[Site "Kladovo"]
[Date "1994.??.??"]
[Round "?"]
[White "Misailovic, Nebojsa"]
[Black "Jovanovic, Bojan"]
[Result "1-0"]
[WhiteElo "2405"]
[BlackElo "2355"]

1.e4 c5 2.Nf3 Nc6 3.d4 cxd4 4.Nxd4 Qc7 5.Nc3 e6 6.g3 a6 7.Bg2 Nf6 8.O-O d6
9.Be3 Be7 10.a4 Na5 11.Qe2 Nc4 12.Bc1 Rb8 13.b3 Na5 14.Bb2 Bd7 15.Rad1 O-O
16.h3 Nc6 17.Nf3 Nb4 18.Rfe1 Rfd8 19.g4 b5 20.axb5 axb5 21.Rd2 Na6 22.Nd4 b4
23.Nd1 Nc5 24.g5 Ne8 25.Qh5 g6 26.Qh4 e5 27.Ne3 Ne6 28.Nd5 Bxg5 29.Nxe6 fxe6
30.Qxg5 exd5 31.exd5 Ra8 32.Rxe5 dxe5 33.d6 Nxd6 34.Qxe5 Ne8 35.Bd5+ Kf8
36.Qh8+ Ke7 37.Re2+ Be6 38.Qxh7+ Kf8 39.Qh8+ Ke7 40.Rxe6+ Kd7 41.Be5 Nd6
42.Qg7+ Kc8 43.Qxc7+ Kxc7 44.Bxa8  1-0

[Event "Lazne Bohdanec"]
[Site "Lazne Bohdanec"]
[Date "1994.??.??"]
[Round "1"]
[White "Kuporosov, Viktor"]
[Black "Vokac, Marek"]
[Result "1/2-1/2"]
[WhiteElo "2520"]
[BlackElo "2485"]

1.e4 c5 2.Nf3 Nc6 3.d4 cxd4 4.Nxd4 Qb6 5.Nb3 Nf6 6.Nc3 e6 7.Bd3 a6 8.O-O Be7
9.Be3 Qc7 10.f4 d6 11.Qf3 O-O 12.Rae1 Nb4 13.g4 Nd7 14.g5 Re8 15.Bd4 Nc6
16.Be3 Bf8  1/2-1/2

[Event "Mar del Plata op"]
[Site "Mar del Plata"]
[Date "1994.??.??"]
[Round "4"]
[White "Kanefsck, Gustavo"]
[Black "Urday, Henry"]
[Result "1-0"]
[WhiteElo "2325"]
[BlackElo "2450"]

1.e4 c5 2.Nf3 Nc6 3.d4 cxd4 4.Nxd4 Qb6 5.Nb3 Nf6 6.Nc3 e6 7.Bd3 Be7 8.O-O d6
9.Be3 Qc7 10.f4 a6 11.a4 b6 12.Qf3 Bb7 13.Qh3 Nb4 14.a5 b5 15.Nd4 O-O 16.Rf3 Rfe8
17.Rg3 Bf8 18.Qh4 Qd8 19.Rh3 g6 20.Rf1 Nh5 21.Qg4 Ng7 22.f5 exf5 23.exf5 Nxd3
24.cxd3 Re5 25.Bg5 Qxa5 26.Bf6 Qb6 27.Kh1 Ree8 28.Qh4 h5 29.Qg5 Re5 30.Bxe5 dxe5
31.fxg6 Qxg6 32.Qxg6 fxg6 33.Nf3 Kh7 34.Nxe5 Re8 35.Nd7 Be7 36.Re3 Bc6 37.Rf7 Bxd7
38.Rexe7  1-0

[Event "BLR-ch"]
[Site "Minsk"]
[Date "1994.??.??"]
[Round "8"]
[White "Lutsko, Igor"]
[Black "Mochalov, Evgeny V"]
[Result "1-0"]
[WhiteElo "2420"]
[BlackElo "2450"]

1.e4 c5 2.Nf3 Nc6 3.d4 cxd4 4.Nxd4 Qb6 5.Nb3 Nf6 6.Nc3 e6 7.Be3 Qc7 8.Bd3 d6
9.O-O a6 10.a4 b6 11.f4 Be7 12.Qf3 Bb7 13.Qh3 Nb4 14.Nd4 Rc8 15.Rae1 O-O
16.Bf2 Nxd3 17.cxd3 g6 18.f5 e5 19.Nf3 Nh5 20.Be3 Bf6 21.Ng5 Qe7 22.Nxh7 Kxh7
23.g4 Rg8 24.Kh1 g5 25.Qxh5+ Kg7 26.Qh3 d5 27.Nxd5 Bxd5 28.exd5 Rc2 29.Rf2 Qb4
30.Rxc2 Qxe1+ 31.Bg1 e4 32.Qe3 Qd1 33.Qe2 Qxd3 34.Qxd3 exd3 35.Rd2 Rc8 36.Rxd3 Rc4
37.b3 Rxg4 38.Bxb6 Rb4 39.a5 Rh4 40.d6 Rh8 41.d7 Rd8  1-0

[Event "Moscow ol (Men)"]
[Site "Moscow"]
[Date "1994.??.??"]
[Round "2"]
[White "Sammalvuo, Tapani"]
[Black "Grivas, Efstratios"]
[Result "1-0"]
[WhiteElo "2370"]
[BlackElo "2475"]

1.e4 c5 2.Nf3 Nc6 3.d4 cxd4 4.Nxd4 Qb6 5.Nb3 Nf6 6.Nc3 e6 7.Be3 Qc7 8.Bd3 d6
9.f4 a6 10.O-O Be7 11.Qf3 O-O 12.g4 b5 13.g5 Nd7 14.a3 b4 15.axb4 Nxb4 16.Nd4 Rb8
17.Rf2 Re8 18.f5 Ne5 19.Qe2 exf5 20.Nxf5 Bf8 21.Ra4 Be6 22.Nd4 Bg4 23.Qf1 Qd7
24.Bb5 axb5 25.Rxb4 Bh3 26.Qe2 Ra8 27.Nb3 Nc4 28.Rxb5 Nxb2 29.Bc1 Na4 30.Nd5 Bg4
31.Qd3 Nc5 32.Nxc5 dxc5 33.Bb2 Qd8 34.Rg2 Bh5 35.Bf6 Qc8 36.Nb6 c4 37.Qd5 Qh3
38.Rg3 Qh4 39.Nxa8 gxf6 40.gxf6+ Bg6 41.Nc7 Rxe4 42.Rb8 Re1+ 43.Kf2 Qxh2+
44.Qg2 Qxg2+ 45.Kxg2 Re5 46.Rg4 Rf5 47.Rd4 Rxf6 48.Rdd8 Be4+ 49.Kg1 Rc6 50.Rxf8+ Kg7
51.Rg8+ Kf6 52.Nb5 Ke5 53.Rbe8+ Kf4 54.Nd4 Rf6 55.Kf2 Bg6 56.Re7 h5 57.Rc8 Kg4+
58.Ke3 h4 59.Rxc4 h3 60.Ne2+ Kg5 61.Re5+  1-0

[Event "Moscow ol (Women)"]
[Site "Moscow"]
[Date "1994.??.??"]
[Round "3"]
[White "Sziva, Erika"]
[Black "Parveen, Seyda Shabana"]
[Result "1-0"]
[WhiteElo "2250"]
[BlackElo "2115"]

1.e4 c5 2.Nf3 Nc6 3.d4 cxd4 4.Nxd4 Qc7 5.Nc3 e6 6.Be2 a6 7.O-O b5 8.Nxc6 Qxc6
9.Bf3 Bb7 10.Bf4 Rc8 11.Re1 Bc5 12.Bg3 Ne7 13.e5 Qc7 14.Bxb7 Qxb7 15.Ne4 Nf5
16.Bf4 Be7 17.g4 Rc4 18.Qf3 Kf8 19.b3 Nh4 20.Qd3 Rd4 21.Qe2 f5 22.exf6 gxf6
23.c3 Rd5 24.Bg3 f5 25.Bxh4 Bxh4 26.Ng3 Bxg3 27.hxg3 fxg4 28.Qxg4 h5 29.Qf3+ Ke7
30.c4 bxc4 31.bxc4 Rb5 32.Qc3 Rh7 33.cxb5 h4 34.Qb4+ d6 35.Qe4  1-0

[Event "Moscow ol (Men)"]
[Site "Moscow"]
[Date "1994.??.??"]
[Round "6"]
[White "Frolov, Artur"]
[Black "Miladinovic, Igor"]
[Result "1/2-1/2"]
[WhiteElo "2540"]
[BlackElo "2500"]

1.e4 c5 2.Nf3 Nc6 3.d4 cxd4 4.Nxd4 Qc7 5.Nc3 e6 6.Be3 a6 7.Qd2 Nf6 8.f3 b5
9.Nxc6 dxc6 10.O-O-O e5 11.g4 Be6 12.g5 Nh5 13.Qf2 Be7 14.h4 Nf4 15.Kb1 O-O
16.Bb6 Qb7 17.Ne2 Nh5 18.Bh3 Bxh3 19.Rxh3 f5 20.exf5 Rxf5 21.Be3 Raf8 22.Qg2 c5
23.Qg4 g6 24.Nc3 c4 25.Nd5 Rd8 26.Qe4 Kf7 27.Kc1 Rd7 28.Nxe7 Rxd1+ 29.Kxd1 Qxe7
30.Rh2 Ng3 31.Qd5+ Kg7 32.Rd2 Nf1 33.Bc5 Qf7 34.Qxf7+ Kxf7 35.Rd7+ Kg8 36.Rd8+ Kg7
37.Rd7+ Kg8 38.Rd8+ Kg7 39.Ra8 Rxf3 40.Ke2 e4 41.Ra7+ Kg8 42.Rxa6 Ng3+ 43.Kd2 Nf1+  1/2-1/2

[Event "Moscow ol (Men)"]
[Site "Moscow"]
[Date "1994.??.??"]
[Round "6"]
[White "Kaminski, Marcin"]
[Black "Miladinovic, Igor"]
[Result "0-1"]
[WhiteElo "2640"]
[BlackElo "2500"]

1.e4 c5 2.Nf3 Nc6 3.d4 cxd4 4.Nxd4 Qc7 5.Nc3 e6 6.Be2 a6 7.O-O Nf6 8.Be3 Bb4
9.Na4 Be7 10.Nxc6 bxc6 11.Nb6 Rb8 12.Nxc8 Qxc8 13.e5 Nd5 14.Bc1 Bc5 15.Qd3 Qc7
16.Qc4 Ba7 17.Qe4 O-O 18.Bxa6 f5 19.exf6 Rb4 20.Qe2 Nxf6 21.Be3 Rxb2 22.Bxa7 Qxa7
23.Bc4 Rb4 24.g3 Qc5 25.Bb3 Re4 26.Qd3 Rd4 27.Qe2 Ne4 28.Qe3 d5 29.f3 Nd2
30.Rf2 Nxf3+ 31.Kg2 Nh4+ 32.Kh3 Rxf2 33.Qxf2 Nf5 34.Rf1 Qc3 35.Re1 g5 36.Re2 c5
37.Kg2 Kg7 38.h3 h5 39.Qf3 Qxf3+ 40.Kxf3 g4+ 41.hxg4 hxg4+ 42.Kf2 Kf6 43.a4 Rb4  0-1

[Event "Moscow ol (Women)"]
[Site "Moscow"]
[Date "1994.??.??"]
[Round "7"]
[White "Makropoulou, Marina"]
[Black "Parveen, Seyda Shabana"]
[Result "1-0"]
[WhiteElo "2280"]
[BlackElo "2115"]

1.e4 c5 2.Nf3 Nc6 3.d4 cxd4 4.Nxd4 Qc7 5.Be2 e6 6.Nc3 a6 7.O-O b5 8.Nxc6 Qxc6
9.Bf3 Bb7 10.Re1 d6 11.a4 bxa4 12.Rxa4 e5 13.Rb4 Nf6 14.Bg5 Be7 15.Qd3 O-O
16.Bxf6 Bxf6 17.Nd5 Bd8 18.Rb6 Qd7 19.Bg4 Qxg4 20.Rxb7 Qe6 21.Ne3 g6 22.Rd1 Bg5
23.Nd5 Rfb8 24.Rxb8+ Rxb8 25.b4 Rc8 26.Ra1 f5 27.Rxa6 f4 28.c3 Rf8 29.f3 Bd8
30.Qb5 g5 31.Qc6 Qh6 32.Qxd6 Qh4 33.Qe6+ Kh8 34.Ra1 g4 35.Qxg4 Qh6 36.Kh1  1-0

[Event "Moscow ol (Men)"]
[Site "Moscow"]
[Date "1994.??.??"]
[Round "9"]
[White "Owosina, Tolani"]
[Black "Krylov, Sergey"]
[Result "0-1"]
[WhiteElo "2075"]
[BlackElo "2290"]

1.e4 c5 2.Nf3 Nc6 3.d4 cxd4 4.Nxd4 Qb6 5.Nb3 Nf6 6.Nc3 e6 7.Be3 Qc7 8.f3 a6
9.Qd2 b5 10.g4 d6 11.g5 Nd7 12.O-O-O Rb8 13.f4 Be7 14.f5 Nde5 15.fxe6 fxe6
16.Nd4 O-O 17.Nxc6 Qxc6 18.Bg2 b4 19.Ne2 Nc4 20.Qd3 Nxe3 21.Qxe3 Qc5 22.Qxc5 dxc5
23.h4 Rf2 24.Bf1 Bb7 25.Ng3 Rf3 26.Rd3 Rf4 27.Rd7 Kf7 28.Bc4 Ke8 29.Rd2 Rd8
30.Rxd8+ Bxd8 31.Kd1 Rg4 32.Rh3 Bc7 33.Ne2 Ke7 34.Bd3 a5 35.Kd2 Bxe4 36.Bxe4 Rxe4
37.Kd3 Rg4 38.b3 Be5 39.Ke3 Rg2 40.Kf3 Rh2 41.Rxh2 Bxh2 42.h5 Kd6 43.Ke4 Be5
44.Ng1 Bd4 45.Nf3 Bc3 46.Nh2 Bb2 47.Nf3 Bc3 48.Nh2 c4 49.bxc4 Kc5 50.Kd3 a4
51.Nf1 Be1 52.Nh2 e5 53.Nf3 Bc3 54.g6 hxg6 55.hxg6 e4+ 56.Kxe4 Kxc4 57.Ng1 Bd2
58.Ne2 a3 59.Kf3 Kd5 60.Kg4 Ke5 61.Kf3 Kf5 62.Ng3+ Kxg6 63.Nf1 Bc1 64.Ke4 Kg5
65.Ng3 Kg4 66.Nf5 g5 67.Ne7 Kh3 68.Nd5 Bd2 69.Kd3 Bc3  0-1

[Event "Moscow ol (Men)"]
[Site "Moscow"]
[Date "1994.??.??"]
[Round "10"]
[White "Lupu, Mircea Sergiu"]
[Black "Yegiazarian, Arsen"]
[Result "0-1"]
[WhiteElo "2420"]
[BlackElo "2390"]

1.e4 c5 2.Nf3 Nc6 3.d4 cxd4 4.Nxd4 Qb6 5.Nb3 Nf6 6.Nc3 e6 7.Bd3 Be7 8.O-O d6
9.a4 O-O 10.a5 Qc7 11.f4 Nb4 12.Be3 Bd7 13.g4 e5 14.f5 d5 15.g5 d4 16.gxf6 Bxf6
17.Bb5 Bxb5 18.Nxb5 Qc6 19.Bxd4 Qxb5 20.Bc3 Rad8 21.Qc1 Qe2 22.Rf2 Qxe4 23.Nc5 Qc4
24.Nxb7 Rd7 25.Bxb4 Qxb4 26.a6 e4 27.c3 Qb6 28.Kg2 e3 29.Re2 Bg5 30.Qg1 Qc6+
31.Kg3 Qe4 32.Nc5 Bf4+ 33.Kh4 Qxf5 34.Qg4 Qf6+ 35.Kh3 Rd5 36.Ne4 Qh6+ 37.Kg2 f5  0-1

[Event "Moscow ol (Men)"]
[Site "Moscow"]
[Date "1994.??.??"]
[Round "12"]
[White "Kaminski, Marcin"]
[Black "Grivas, Efstratios"]
[Result "1-0"]
[WhiteElo "2440"]
[BlackElo "2475"]

1.e4 c5 2.Nf3 Nc6 3.d4 cxd4 4.Nxd4 Qb6 5.Nb3 Nf6 6.Nc3 e6 7.Bd3 d6 8.O-O a6
9.Bg5 Be7 10.Kh1 Qc7 11.f4 O-O 12.Qe2 b5 13.Rae1 Nd7 14.Bxe7 Nxe7 15.e5 Ng6
16.Qf3 Rb8 17.exd6 Qxd6 18.Ne4 Qc7 19.Nd4 Nc5 20.Nxc5 Qxc5 21.c3 Bb7 22.Qh3 Rbd8
23.a3 Rd5 24.Be4 Rh5 25.Nxe6 fxe6 26.Qxe6+ Kh8 27.Bxb7 Nxf4 28.Qe7 Qxe7 29.Rxe7 Kg8
30.Bxa6 Nd3 31.Rxf8+ Kxf8 32.Re2 Rd5 33.g3 Ne5 34.Kg2 Kf7 35.Bb7 Rc5 36.b4 Rc7
37.Rxe5 Rxb7 38.Kf3 Rc7 39.Rc5  1-0

[Event "Moscow ol (Men)"]
[Site "Moscow"]
[Date "1994.??.??"]
[Round "13"]
[White "Zadrima, Aldo"]
[Black "Krylov, Sergey"]
[Result "1-0"]
[WhiteElo "2260"]
[BlackElo "2290"]

1.e4 c5 2.Nf3 Nc6 3.d4 cxd4 4.Nxd4 Qb6 5.Nb3 Nf6 6.Nc3 e6 7.Bd3 d6 8.O-O a6
9.Bg5 Be7 10.Qe2 Qc7 11.f4 h6 12.Bh4 b5 13.a3 Bb7 14.f5 O-O 15.Kh1 Rae8 16.Qf3 Bd8
17.Qh3 Qc8 18.Nd2 Ne5 19.Rae1 Bc6 20.Ne2 Bd7 21.Nd4 Nxd3 22.cxd3 e5 23.Rc1 Qb7
24.Nc2 d5 25.Nb4 dxe4 26.Bxf6 Bxf6 27.Nxe4 Be7 28.Qf3 Qa8 29.Nd5 f6 30.Nc7 Qa7
31.Nxe8 Rxe8 32.Nd6 Rb8 33.Qd5+ Kh7 34.Ne4 Rd8 35.Qb3 Be8 36.Rf3 Bf8 37.h3 Bf7
38.Qc3 b4 39.axb4 Rb8 40.Nc5 Bd5 41.Rg3 Rc8 42.d4 a5 43.Ra1 Qb8 44.Qe1 Bxc5
45.bxc5 exd4 46.Rxa5 Re8 47.Qf2 Re7 48.Ra4 Rb7 49.Rxd4 Rxb2 50.Qf4 Qa8 51.Qg4  1-0

[Event "Muenster-IM"]
[Site "Muenster"]
[Date "1994.??.??"]
[Round "8"]
[White "Ahn, Martin"]
[Black "Stoering, Volker"]
[Result "0-1"]
[WhiteElo "2245"]
[BlackElo "2340"]

1.e4 c5 2.Nf3 Nc6 3.d4 cxd4 4.Nxd4 Qc7 5.Nc3 e6 6.Be3 a6 7.Bd3 Nf6 8.O-O Bd6
9.Nxc6 dxc6 10.f4 e5 11.f5 Qe7 12.a4 Bc5 13.Bxc5 Qxc5+ 14.Kh1 a5 15.Qe2 Bd7
16.Bc4 Ke7 17.g4 h6 18.h4 g5 19.fxg6 fxg6 20.Rxf6 Kxf6 21.Rf1+ Ke7 22.Rf7+ Kd8
23.Qd3 Qd4 24.Qf1 Qd6 25.Rf6 Qe7 26.Kg2 Kc7 27.Rf7 Qd6 28.Bd5 Raf8 29.Qc4 Kb8  0-1

[Event "Muenster-IM"]
[Site "Muenster"]
[Date "1994.??.??"]
[Round "11"]
[White "Emunds, Hans Georg"]
[Black "Ahn, Martin"]
[Result "0-1"]
[WhiteElo "2275"]
[BlackElo "2245"]

1.e4 c5 2.Nf3 Nc6 3.d4 cxd4 4.Nxd4 Qc7 5.Nb5 Qb8 6.c4 Nf6 7.Bd3 e6 8.O-O a6
9.N5c3 Bc5 10.Nd2 h5 11.Nb3 Ng4 12.g3 Ba7 13.Be2 Nf6 14.Bf4 e5 15.Bg5 h4
16.Bxh4 Rxh4 17.gxh4 d6 18.Qd3 Be6 19.Kh1 Kf8 20.Nd5 Nd4 21.f4 Bxd5 22.exd5 e4
23.Qd1 Nf5 24.Rg1 Bxg1 25.Qxg1 Qa7 26.c5 Nxh4 27.Qg5 Nf3 28.Bxf3 exf3 29.Qg3 dxc5
30.Rg1 Ne8 31.Qxf3 b6 32.Nd2 Rd8 33.Nc4 Qb7 34.Rd1 Nf6 35.Ne3 b5 36.b3 Rd6
37.Kg2 Qd7 38.Rd2 Qb7 39.h4 g6 40.Kf1 Nh5 41.Kg2 Rf6 42.f5 Ng7 43.Qf4 Nxf5
44.Kh3 Qe7 45.Ng4 Rd6 46.Ne5 Qf6 47.a4 Kg7 48.axb5 axb5 49.Rd3 Rd8 50.Nf3 Nd6
51.Kg4 Qxf4+ 52.Kxf4 Re8 53.Ng5 Re1 54.Nf3 Re4+ 55.Kg3 f6 56.Rc3 c4 57.bxc4 Rxc4
58.Ra3 Rc5 59.Rd3 b4 60.Nd4 Kf7 61.Nc6 Rc4 62.Kh3 Kg7 63.Kg2 Rxh4 64.Rb3 f5
65.Rxb4 Rxb4 66.Nxb4 Kf6 67.Kf3 Nc4 68.Ke2 g5 69.Kd3 Nd6 70.Nc6 g4 71.Kd4 Nf7
72.Ke3 Kg5 73.Nd4 f4+ 74.Kf2 Kf6 75.Nc6 Kf5 76.Ne7+ Ke4 77.Ng6 Nd6 78.Kg2 Nf5
79.Kh2 f3 80.Nh4 Nxh4 81.d6 f2 82.d7 f1=Q 83.d8=Q  0-1

[Event "Nice"]
[Site "Nice"]
[Date "1994.??.??"]
[Round "4"]
[White "Lamoureux, Charles"]
[Black "Efimov, Igor"]
[Result "0-1"]
[WhiteElo "2430"]
[BlackElo "2465"]

1.e4 c5 2.Nf3 Nc6 3.d4 cxd4 4.Nxd4 Qb6 5.Nb3 Nf6 6.Nc3 e6 7.Bd3 Be7 8.Be3 Qc7
9.f4 d6 10.Qf3 a6 11.O-O b5 12.Rae1 Bb7 13.Qh3 Nb4 14.Nd4 Nxd3 15.cxd3 b4
16.Nce2 O-O 17.g4 Nd7 18.g5 Nc5 19.Rd1 e5 20.Nf5 Ne6 21.Qh5 g6 22.Qh6 gxf5
23.Rf3 exf4 24.Nxf4 Qc2 25.Rd2 Qc1+ 26.Kf2 Nxf4 27.Rxf4 Rfc8 28.Rh4 Bd8 29.Qxh7+ Kf8
30.Qh8+ Ke7 31.Qf6+ Kd7 32.Qxf7+ Be7 33.Rh7 Re8 34.exf5 Qc6 35.f6 Qf3+ 36.Ke1 Bd5
37.Qxe7+ Rxe7 38.Rxe7+ Kc6 39.Rc2+ Kb5 40.Bf2 Qxd3 41.Rd2 Qf3 42.h4 Rc8 43.Rde2  0-1

[Event "JUG-chT"]
[Site "Nis"]
[Date "1994.??.??"]
[Round "?"]
[White "Bojkovic, Natasa"]
[Black "Zafirovski, Mite"]
[Result "1/2-1/2"]
[WhiteElo "2410"]
[BlackElo "2325"]

1.e4 c5 2.Nf3 Nc6 3.d4 cxd4 4.Nxd4 Qc7 5.Nc3 e6 6.Be3 a6 7.Bd3 Nf6 8.O-O Bd6
9.h3 Bf4 10.Qd2 Bxe3 11.Qxe3 Qb6 12.Nf5 Qxe3 13.Nxe3 b5 14.a4 b4 15.Ne2 Bb7
16.Nc4 Ke7 17.e5 Ne8 18.Rfd1 f5 19.Nc1 Rb8 20.Nb3 Bc8 21.Be2 Nd8 22.Rd2 Nf7
23.Rad1 Nc7 24.g3 Rd8 25.f4 Bb7 26.Nc5 Bd5 27.Ne3 Bc6 28.Bxa6 Bxa4 29.Nxa4 Nxa6
30.Nc4 Rbc8 31.b3 Rc6 32.Na5 Rc7 33.Nc4 Rc6 34.Kf2 d5 35.exd6+ Nxd6 36.Ke2 Nb7
37.Rxd8 Nxd8 38.Rd4 Nf7 39.Kd2 Rc7 40.Kd3 h6 41.Ke3 g5  1/2-1/2

[Event "JUG-chT"]
[Site "Nis"]
[Date "1994.??.??"]
[Round "?"]
[White "Djordjevic, Dragan"]
[Black "Djukic, Zeljko"]
[Result "0-1"]
[WhiteElo "2285"]
[BlackElo "2360"]

1.e4 c5 2.Nf3 Nc6 3.d4 cxd4 4.Nxd4 Qc7 5.Nc3 e6 6.Be2 a6 7.O-O Nf6 8.Be3 Bb4
9.Na4 Be7 10.Nxc6 bxc6 11.Nb6 Rb8 12.Nxc8 Qxc8 13.e5 Nd5 14.Bc1 Bc5 15.Qd3 O-O
16.c3 a5 17.Qe4 f5 18.exf6 Rxf6 19.Bd3 g6 20.c4 Nb4 21.Be2 Qf8 22.Bf3 Rf5
23.Bd2 e5 24.Bxb4 axb4 25.Rad1 Bd4 26.b3 Qc5 27.Rd2 Rbf8 28.Re2 Rf4 29.Qc2 Kg7
30.h3 h5 31.Kh2 R4f6 32.Kg1 Rd6 33.Qc1 Rf4 34.Re4 Rf5 35.Re2 Rdf6 36.Qc2 Rf8
37.Kh2 Qe7 38.Qd2 Qc5 39.Qc2 R8f7 40.Kh1 Qe7 41.Be4 R5f6 42.Qd3 Rd6 43.Qc2 Qg5
44.Kh2 Rdf6 45.Kg1 Qh4 46.Bd3 Rf3 47.Kh2 Rxh3+ 48.gxh3 Rf3 49.Bf5 gxf5 50.Rg1+ Kf6
51.Rg3 e4 52.Qd2 Be5 53.Qh6+ Ke7 54.Qh7+ Kd8 55.Qg8+ Kc7 56.Kg2 Bxg3 57.fxg3 Qf6
58.c5 Qe5 59.Qg5 e3 60.Qh4 Qd5 61.Kh2 Rf1 62.Rg2 Qd1  0-1

[Event "JUG-chT"]
[Site "Nis"]
[Date "1994.??.??"]
[Round "?"]
[White "Lalovic, Srecko"]
[Black "Knezevic, Bojan"]
[Result "1/2-1/2"]
[WhiteElo "2255"]
[BlackElo "2385"]

1.e4 c5 2.Nf3 Nc6 3.d4 cxd4 4.Nxd4 Qb6 5.Nf3 Nf6 6.Bd3 e6 7.O-O d6 8.Nbd2 Be7
9.Nc4 Qc7 10.h3 O-O 11.c3 b5 12.Ne3 Rb8 13.b3 Nd7 14.Bb2 Nc5 15.Bc2 Bb7 16.Re1 Ne5
17.Nxe5 dxe5 18.Nf1 Rfd8 19.Qe2 a5 20.Ng3 a4 21.b4 Nd7 22.a3 Nb6 23.Bd3 Ba6
24.Rab1 Nc4 25.Red1 Bg5 26.Nf1 f6 27.Bxc4 bxc4 28.Bc1 Rxd1 29.Qxd1 Bxc1 30.Rxc1 Bb5
31.Qg4 Kf7 32.Rd1 g6 33.Ne3 h5 34.Qe2 Rh8 35.Rd2 Qc6 36.f3 Ke7 37.Qf2 Rb8
38.Kf1 Qb6 39.Ke2 Kf7 40.Qe1 Rd8 41.Qd1 Rd3 42.Rxd3 cxd3+ 43.Kd2 f5 44.exf5 exf5
45.Qe1 Qe6 46.Qb1 f4 47.Nd1 e4 48.fxe4 Qxe4 49.c4 Bxc4 50.Kc3 Qxg2 51.Kxc4 Qc2+
52.Nc3 f3 53.Qd1 Qg2 54.Ne4 Qc2+ 55.Nc3 Qg2 56.Ne4  1/2-1/2

[Event "JUG-chT"]
[Site "Nis"]
[Date "1994.??.??"]
[Round "?"]
[White "Kojovic, Dragan"]
[Black "Djukic, Zeljko"]
[Result "0-1"]
[WhiteElo "2135"]
[BlackElo "2360"]

1.e4 c5 2.Nf3 Nc6 3.d4 cxd4 4.Nxd4 Qb6 5.Nb3 Nf6 6.Nc3 e6 7.Bd3 d6 8.O-O Be7
9.Kh1 a6 10.f4 Qc7 11.Qf3 O-O 12.Bd2 b5 13.Rae1 Bb7 14.Qg3 b4 15.Nd1 a5 16.e5 Nh5
17.Qe3 g6 18.Nf2 dxe5 19.fxe5 Nxe5 20.Qxe5 Bd6 21.Qd4 a4 22.Bxb4 Bxb4 23.Qxb4 axb3
24.axb3 e5 25.Qc3 Qxc3 26.bxc3 f6 27.Be4 Bxe4 28.Nxe4 Ra2 29.Rf2 f5 30.Nd6 Rd8
31.Nb5 e4 32.g3 Nf6 33.c4 h5 34.Nc3 Ra7 35.Kg2 Kf7 36.c5 Rad7 37.b4 Rd4 38.Rb1 Rc4
39.Nb5 Ne8 40.c3 Rb8 41.Nd4 Rxc3 42.Rc2 Rxc2+ 43.Nxc2 Nc7 44.Rd1 Nb5 45.h4 Ra8
46.Ne3 Ra2+ 47.Kf1 Ke6 48.Nd5 Ke5 49.c6 Nd4 50.Nf4 e3 51.Rc1 Rf2+  0-1

[Event "JUG-chT"]
[Site "Nis"]
[Date "1994.??.??"]
[Round "?"]
[White "Savicevic, Vlatko"]
[Black "Cabrilo, Goran"]
[Result "0-1"]
[WhiteElo "2265"]
[BlackElo "2480"]

1.e4 c5 2.Nf3 Nc6 3.d4 cxd4 4.Nxd4 Qb6 5.Nb3 Nf6 6.Nc3 e6 7.Qe2 d6 8.g4 a6
9.Bg2 Qc7 10.Be3 Be7 11.g5 Nd7 12.f4 b5 13.Qf2 Rb8 14.Nd4 Nxd4 15.Bxd4 O-O
16.O-O-O Bb7 17.h4 Rfc8 18.a3 Ba8 19.h5 b4 20.axb4 Rxb4 21.g6 Nf6 22.gxf7+ Kxf7
23.e5 Rxd4 24.Rxd4 dxe5 25.fxe5 Qxe5 26.Bxa8 Bc5 27.Re4 Qxc3 28.bxc3 Bxf2
29.Re2 Bg3 30.Bg2 Rxc3 31.Kb2 Rc5 32.Bf3 Be5+ 33.Ka2 Bd4 34.Rh4 e5 35.Rh1 Ke6
36.Rhh2 Kf5 37.Bg2 Rc3 38.Rh3 Rc5 39.h6 g5 40.Kb3 Rb5+ 41.Kc4 Rc5+ 42.Kb3 e4
43.c4 Re5 44.Rh1 g4 45.Rd2 Bc5 46.Ra2 e3 47.Kc3 Kg5 48.Bb7 Nh5 49.Bc8 Ng3
50.Re1 e2 51.Kd3 Bb4 52.Raxe2 Nxe2 53.Rxe2 Rxe2 54.Kxe2 a5 55.Bd7 Bf8 56.Ba4 Kxh6
57.Bc2 Kg7 58.Ke3 h5 59.Kf4 Kf6 60.Bd1 Bd6+ 61.Ke4 Kg5  0-1

[Event "NLD-chT9495"]
[Site "?"]
[Date "1994.??.??"]
[Round "6"]
[White "Bezemer, Arno"]
[Black "Meulders, Richard"]
[Result "1/2-1/2"]
[WhiteElo "2210"]
[BlackElo "2300"]

1.e4 c5 2.Nf3 Nc6 3.d4 cxd4 4.Nxd4 Qc7 5.Nc3 e6 6.g3 a6 7.Bg2 d6 8.O-O Bd7
9.Re1 Be7 10.Nxc6 Bxc6 11.Qg4 h5 12.Qe2 h4 13.a4 hxg3 14.hxg3 Nf6 15.b3 Rd8
16.Bb2 Qa5 17.Rad1 Qh5 18.Qxh5 Rxh5 19.Bf3 Rg5 20.Kg2 Nh5 21.Bc1 Rc5 22.Nd5 Nf6
23.Nxe7 Kxe7 24.c4 b5 25.Ba3 Re5 26.Bb2 Rg5 27.cxb5 axb5 28.a5 b4 29.e5 Bxf3+
30.Kxf3 Nd5 31.exd6+ Rxd6 32.Be5 Rf5+ 33.Kg2 Rxe5 34.Rxe5 Nf4+ 35.Kf3 Rxd1
36.Kxf4 Ra1 37.Rb5 Ra3 38.Rxb4 Rxa5 39.Ke4 g5 40.g4 f5+ 41.gxf5 Rxf5 42.Ke3  1/2-1/2

[Event "Novi Sad m"]
[Site "Novi Sad"]
[Date "1994.??.??"]
[Round "2"]
[White "Popovic, Petar"]
[Black "Miladinovic, Igor"]
[Result "0-1"]
[WhiteElo "2525"]
[BlackElo "2480"]

1.e4 c5 2.Nf3 Nc6 3.d4 cxd4 4.Nxd4 Qc7 5.Nc3 e6 6.g3 a6 7.Bg2 Nf6 8.O-O Bc5
9.Nb3 Ba7 10.Bf4 Ne5 11.Qe2 d6 12.Rad1 Bd7 13.Rd2 h6 14.Rfd1 g5 15.Bxe5 dxe5
16.Qf3 Ke7 17.Nc1 Rhd8 18.Nd3 Bd4 19.Qe2 Rac8 20.Kh1 Bxc3 21.bxc3 Bb5 22.f4 Qxc3
23.fxe5 Nd7 24.Qf2 Nxe5 25.Rf1 Bxd3 26.cxd3 Rxd3 27.Qf6+ Kd6 28.Rxd3+ Qxd3
29.Qxh6 Qd2 30.Qf6 g4  0-1

[Event "Novi Sad m"]
[Site "Novi Sad"]
[Date "1994.??.??"]
[Round "4"]
[White "Popovic, Petar"]
[Black "Miladinovic, Igor"]
[Result "1/2-1/2"]
[WhiteElo "2525"]
[BlackElo "2480"]

1.e4 c5 2.Nf3 Nc6 3.d4 cxd4 4.Nxd4 Qc7 5.Nc3 e6 6.g3 a6 7.Bg2 Nf6 8.O-O Bc5
9.Nxc6 dxc6 10.Na4 Ba7 11.c4 Nd7 12.Qg4 Bd4 13.Bf4 Qa5 14.Qd1 e5 15.Bd2 Qc7
16.Qg4 g6 17.Qe2 b5 18.Nc3 O-O 19.Rac1 Qd6 20.Kh1 Nb6 21.b3 bxc4 22.bxc4 Be6
23.Nd1 Qa3 24.Bh6 f6 25.Ne3 Rf7 26.Rc2 Re8 27.h4 Na4 28.Kh2 Nc5 29.Rd1 Kh8
30.Rcd2 Qc3 31.Rc2 Qa3 32.Rcd2 Qc3 33.Rc2 Qa3 34.Rcd2  1/2-1/2

[Event "Pardubice op"]
[Site "Pardubice"]
[Date "1994.??.??"]
[Round "1"]
[White "Protaziuk, Grzegorz"]
[Black "Golod, Vitali"]
[Result "0-1"]
[WhiteElo "2270"]
[BlackElo "2505"]

1.e4 c5 2.Nf3 Nc6 3.d4 cxd4 4.Nxd4 Qb6 5.Nb3 Nf6 6.Nc3 e6 7.Be3 Qc7 8.a3 a6
9.Bd3 b5 10.f4 d6 11.O-O Be7 12.Qf3 Bb7 13.Kh1 O-O 14.Rae1 Rac8 15.Qh3 Rfd8
16.f5 exf5 17.Nd5 Nxd5 18.exd5 Ne5 19.Bxf5 g6 20.Bxc8 Bxc8 21.Qg3 Qxc2 22.Bd4 Qc4
23.Bxe5 dxe5 24.Na5 Qxd5 25.Rxe5 Qd7 26.Rxe7 Qxe7 27.Nc6 Qf6 28.Qf3 Qxf3
29.gxf3 Rd7 30.Kg2 Kg7 31.Rf2 Bb7 32.Ne5 Rd5 33.Re2 h5 34.Kg3 Kf6 35.f4 Rd1
36.Kf2 Bd5 37.Ke3 Kf5 38.Rc2 g5 39.Rc5 Ke6 40.Nd3 g4 41.Rc8 Rh1 42.Rd8 Bc4
43.Nc5+ Kf5 44.b3 Be6 45.Nxe6 fxe6 46.Rf8+ Kg6 47.Rg8+ Kf7 48.Rh8 Rxh2 49.f5 exf5
50.Kf4 Rf2+ 51.Kg5 g3 52.Rh7+ Ke6 53.Rg7 g2 54.Kxh5 f4  0-1

[Event "Pardubice op"]
[Site "Pardubice"]
[Date "1994.??.??"]
[Round "4"]
[White "Maksimenko, Andrei"]
[Black "Kuzmin, Gennadi P"]
[Result "0-1"]
[WhiteElo "2525"]
[BlackElo "2485"]

1.d4 c5 2.e4 cxd4 3.Nf3 Nc6 4.Nxd4 Qb6 5.Nb3 Nf6 6.Nc3 e6 7.a3 Be7 8.Be2 a6
9.Be3 Qc7 10.f4 O-O 11.O-O b5 12.Bf3 Rb8 13.Qe2 b4 14.axb4 Nxb4 15.e5 Ne8
16.Qf2 Bb7 17.Ba7 Rc8 18.Bb6 Qb8 19.Ba7 Qa8 20.Bxb7 Qxb7 21.Bc5 Bxc5 22.Nxc5 Qc6
23.Nd3 Rb8 24.Ra4 Nxd3 25.cxd3 f6 26.exf6 Nxf6 27.Rfa1 Ng4 28.Qf3 Qb6+ 29.d4 Ne5
30.Qe3 Ng6 31.Rxa6 Qxb2 32.R6a2 Qb3 33.Ra3 Qc2 34.R3a2 Qf5 35.g3 Qg4 36.Rf1 Rb3
37.Qe2 Qf5 38.Ne4 Qd5 39.Rd2 Rfb8 40.Ng5 Rb1 41.Qe4 R1b5 42.Rc1 h6 43.Qxg6 hxg5
44.fxg5 Rf8 45.h4 Rf3 46.Rg2 Qxd4+ 47.Kh1 Qd5 48.Kg1 Qd6 49.Qe4 Rxg3 50.Ra1 Qb6+  0-1

[Event "Pardubice op"]
[Site "Pardubice"]
[Date "1994.??.??"]
[Round "7"]
[White "Mokry, Karel"]
[Black "Vokac, Marek"]
[Result "1/2-1/2"]
[WhiteElo "2530"]
[BlackElo "2450"]

1.e4 c5 2.Nf3 Nc6 3.d4 cxd4 4.Nxd4 Qb6 5.Nb3 Nf6 6.Nc3 e6 7.Be3 Qc7 8.f4 d6
9.Qf3 a6 10.g4 b5 11.g5 Nd7 12.Bd3 g6 13.h4 Bg7 14.h5 Bb7 15.hxg6 hxg6 16.Rxh8+ Bxh8
17.Qh3 O-O-O  1/2-1/2

[Event "PER-ch"]
[Site "Peru"]
[Date "1994.??.??"]
[Round "7"]
[White "Fuentes, Moises"]
[Black "Urday, Henry"]
[Result "1-0"]
[WhiteElo "2380"]
[BlackElo "2470"]

1.e4 c5 2.Nf3 Nc6 3.d4 cxd4 4.Nxd4 Qb6 5.Nb3 Nf6 6.Nc3 e6 7.a3 a6 8.Be2 Qc7
9.O-O Be7 10.f4 d6 11.Be3 b5 12.g4 O-O 13.g5 Nd7 14.Bf3 Nb6 15.Qe2 Nc4 16.Bc1 Rb8
17.Kh1 Re8 18.h4 Bf8 19.h5 Bd7 20.Qd3 Red8 21.Nd2 Nb6 22.Nb3 Ne7 23.Nd4 e5
24.Nf5 Nc6 25.Be3 exf4 26.Bxb6 Qxb6 27.Nd5 Qc5 28.Nh6+ Kh8 29.Nxf7+ Kg8 30.Nxd8 Rxd8
31.b4 Qa7 32.Nxf4 Ne5 33.Qb3+ Kh8 34.Bg2 Be7 35.Qg3 Rc8 36.Nd3 Nc4 37.e5 Qd4
38.Rae1 dxe5 39.Nxe5 Nxe5 40.Re4 Qd2 41.Rxe5 Bd6 42.Qf3 Qxc2 43.Re2 Qc4 44.Re4 Qc7
45.Qf7 Qd8 46.h6 gxh6 47.gxh6  1-0

[Event "Platja d'Aro Barcino"]
[Site "Platja d'Aro"]
[Date "1994.??.??"]
[Round "?"]
[White "Vehi Bach, Victor Manuel"]
[Black "Bellon Lopez, Juan Manuel"]
[Result "0-1"]
[WhiteElo "2455"]
[BlackElo "2460"]

1.e4 c5 2.Nf3 Nc6 3.d4 cxd4 4.Nxd4 Qb6 5.Nb3 e6 6.Nc3 Nf6 7.Bd3 a6 8.f4 d5
9.e5 Nd7 10.Qf3 Nc5 11.Bd2 Nxd3+ 12.cxd3 Nb4 13.Ke2 Nxa2 14.Nxa2 Qxb3 15.Nc3 Bd7
16.f5 Rc8  0-1